Country Map Quiz - Statistics

General Stats
  • This quiz has been taken 31 times
  • The average score is 8 of 15
Answers on the Map
Answers color-coded by a green-red scale on the quiz's map according to % correct below.
 
Answer Stats
Answer % Correct
Russia
82%
France
79%
Poland
75%
Sri Lanka
71%
Sudan
71%
Iraq
68%
Myanmar
61%
Zambia
61%
Uganda
54%
Rwanda
46%
Bahrain
43%
Singapore
36%
Burundi
32%
Palau
29%
Spain
7%
No matching quizzes found
Score Distribution
Percent of People with Each Score
Percentile by Number Answered
Your Score History
You have not taken this quiz